Statistics for Thiruvananthapuram Int. Destinations (Thiruvananthapuram, India)

Click here to take the quiz!

General Stats

  • This quiz has been taken 9 times
  • The average score is 21 of 25

Answer Stats

AirlineDestination% Correct
Air Arabia/Air India Express/Etihad AirwaysAbu Dhabi
100%
Air India Express/Gulf AirBahrain
100%
IndiGo/SpiceJetBangalore
100%
SriLankan AirlinesColombo (Bandaranaike)
100%
Air India/IndiGo/VistaraDelhi
100%
Air India Express/Qatar AirwaysDoha
100%
Air India Express/EmiratesDubai (International)
100%
IndiGoHyderabad
100%
Kuwait AirwaysKuwait City
100%
MaldivianMale
100%
Air India/IndiGo/VistaraMumbai
100%
IndiGoAhmedabad
88%
IndiGoChennai
88%
IndiGoKochi
88%
Malaysia AirlinesKuala Lumpur (International)
88%
Air India Express/Oman AirMuscat
88%
IndiGoPune
88%
Air Arabia/Air India Express/IndiGoSharjah
88%
ScootSingapore
88%
Air India ExpressDammam
63%
Air India ExpressKozhikode
63%
IndiGoKannur
50%
IndiGoNagpur
50%
Air India ExpressSalalah
38%
MaldivianHanimaadhoo
25%

Score Distribution

Percentile by Number Answered

Percent of People with Each Score

Your Score History

You have not taken this quiz